|
|
|
|
| LEADER |
01185nam a22003017a 4500 |
| 001 |
33622 |
| 003 |
BD-DhAAL |
| 005 |
20211109102001.0 |
| 008 |
180816r20182011flua|||| b||| 001 0 eng d |
| 999 |
|
|
|c 39421
|d 39421
|
| 020 |
|
|
|a 9780815351405
|
| 040 |
|
|
|a BD-DhAAL
|
| 082 |
|
|
|a 006.3
|2 21
|
| 245 |
|
|
|a Bayesian Artificial Intelligence /
|c edited by Kevin B. Korb and Ann E. Nicholson
|
| 250 |
|
|
|a Second edition
|
| 260 |
|
|
|a New york :
|b CRP Press, Tailor & Francis Group,
|c 2018[reprinted]
|
| 300 |
|
|
|a xxv, 463 pages :
|b illustrations ;
|c 24 cm.
|
| 490 |
|
|
|a Computer science and data analysis series
|
| 504 |
|
|
|a Includes bibliographical references pages (417-452) and index.
|
| 526 |
|
|
|a CSE
|
| 541 |
|
|
|a Karim International
|e 33622
|
| 650 |
|
|
|a Artificial intelligence.
|9 27996
|
| 650 |
|
|
|a Computer science.
|9 42456
|
| 700 |
|
|
|a Korb, Kevin B.
|9 27994
|
| 700 |
|
|
|a Nicholson, Ann E.
|9 27995
|
| 852 |
|
|
|a Ayesha Abed Library
|c General Stacks
|
| 942 |
|
|
|2 ddc
|c BK
|
| 952 |
|
|
|0 0
|1 0
|2 ddc
|4 0
|6 006_300000000000000_BAY
|7 0
|9 64099
|a BRACUL
|b BRACUL
|c GEN
|d 2018-07-29
|e Karim International
|g 6.00
|l 7
|m 62
|o 006.3 BAY
|p 3010033622
|q 2026-06-02
|r 2026-04-23
|s 2026-04-23
|t 1
|v 1598.00
|w 2018-07-29
|y BK
|